000 00366nam a2200133Ia 4500
008 211109s9999||||xx |||||||||||||| ||und||
082 _a155.632
_bCAR-M
100 _aCarrel, Alexis
245 0 _aMan the Unknown
260 _bPai & Co
_aErnakulam
_c1959
630 _xGeneral Stack
650 _apsychology
_vapplied psychologymental health
_xGeneralia
942 _cBOOK
999 _c19138
_d19138